Glykoprotein Ia/IIa destičkové membrány z hlediska jeho genetických změn

Bibliographic Details
Main Authors: Klodová, D. (Author), Gumulec, Jaromír, 1963- (Author), Klaricová, K. (Author), Brejcha, M. (Author), Kneiflová, M. (Author), Kučerová, M. (Author), Penka, M. (Author), Wróbel, M. (Author), Janotová, P. (Author), Richterová, R. (Author)
Format: Article
Language:Czech

MARC

LEADER 00000nab a2200000uu 4500
001 vtls011150759
003 SK-MaSNL
005 20260303121222.0
008 230131|2005 xo |||||||||||||||||cze|
015 |a SNBRB 
035 |a (urnnbn)urn:nbn:sk:snk:ar-a0a0ih 
035 |a (uuid)e6c68b38-1c00-4b2d-8581-175c9ce0c71e 
035 |a urn:nbn:sk:snk-abb0c8 
040 |a SNKBUCL  |b slo  |c SNKBUCL  |e AACR2 
041 0 |a cze 
044 |a xo  |c SK 
100 1 |a Klodová, D.  |4 aut  |9 1133852 
245 1 0 |a Glykoprotein Ia/IIa destičkové membrány z hlediska jeho genetických změn  |c D. Klodová, J. Gumulec, K. Klaricová, M. Brejcha, M. Kneiflová, M. Kučerová, M. Penka, M. Wróbel, P. Janotová, R. Richterová 
700 1 |a Gumulec, Jaromír,  |d 1963-  |4 aut  |9 183033 
700 1 |a Klaricová, K.  |4 aut  |9 1134652 
700 1 |a Brejcha, M.  |4 aut  |9 1133696 
700 1 |a Kneiflová, M.  |4 aut  |9 1134653 
700 1 |a Kučerová, M.  |4 aut  |9 798863 
700 1 |a Penka, M.  |4 aut  |9 792760 
700 1 |a Wróbel, M.  |4 aut  |9 1133854 
700 1 |a Janotová, P.  |4 aut  |9 1134654 
700 1 |a Richterová, R.  |4 aut  |9 1133669 
773 0 |t Vnitřní lékařství : časopis Internistické sekce Československé lékařské společnosti J. E. Purkyně  |g Roč. 51, č. 7-8 (2005), s. 840-844 
954 |a odborná, vedecká literatúra cudzojazyčná (svetová)  |2 lita 
958 |a OND 
958 |a EUIPO 
958 |a article14 
999 |c 1914213  |d 1916143